Catalog

Record Details

Catalog Search



Available copies

  • 0 of 1 copy available at LARL/NWRL Consortium.
  • 0 of 1 copy available at Lake Agassiz Regional Library. (Show preferred library)

Current holds

0 current holds with 1 total copy.

Show Only Available Copies
Location Call Number / Copy Notes Barcode Shelving Location Status Due Date
Fosston Public Library J 629.454 TUN (Text) 33500013058862 Main Checked out 07/14/2026

Record details

  • ISBN: 9781541523500
  • ISBN: 1541523504
  • Physical Description: 32 pages : illustrations (chiefly color) ; 24 cm.
  • Publisher: Minneapolis : Lerner Publications, [2019]

Content descriptions

Bibliography, etc. Note:
Includes bibliographical references and index.
Formatted Contents Note:
The mission plan -- Houston, we've had a problem! ... Read More
Summary, etc.:
"Through vivid storytelling, this book tells the ... Read More
Target Audience Note:
Ages 8-12.
Grades 4 to 6.
Subject: Apollo 13 (Spacecraft) > Juvenile literature.
Project Apollo (U.S.) > Juvenile literature.
Apollo 13 (Spacecraft)
Project Apollo (U.S.)
Apollo 13 (Spacecraft) > Juvenile literature.
Project Apollo (U.S.) > Juvenile literature.
Space vehicle accidents > United States > Juvenile literature.
Space flight to the moon > Juvenile literature.
Survival > Juvenile literature.
Space flight to the moon.
Space vehicle accidents.
Survival.
United States.
Survival > Juvenile literature.
Space flight to the moon > Juvenile literature.
Space vehicle accidents > United States > Juvenile literature.
Genre: Juvenile works.
LDR 02888cam a2200637 i 4500
001317859
003LARL_NWRL_CONSORTIUM
00520190503134629.0
008180314t20192019mnua j b 001 0 eng c
010 . ‡a 2018010702
040 . ‡aNJQ/DLC ‡beng ‡erda ‡cDLC ‡dOCLCF ‡dYDX ‡dFM0 ‡dDLC ‡dOCLCO ‡dNEPCL ‡dBDX
019 . ‡a1043864390 ‡a1081174627
020 . ‡a9781541523500 ‡q(lb : alk. paper)
020 . ‡a1541523504
035 . ‡a(OCoLC)1029086842 ‡z(OCoLC)1043864390 ‡z(OCoLC)1081174627
042 . ‡apcc
043 . ‡an-us---
08204. ‡a629.45/4
1001 . ‡aTunby, Benjamin, ‡d1978- ‡eauthor.
24510. ‡aSurviving a space disaster : ‡bApollo 13 / ‡cBenjamin Tunby.
264 1. ‡aMinneapolis : ‡bLerner Publications, ‡c[2019]
264 4. ‡c©2019
300 . ‡a32 pages : ‡billustrations (chiefly color) ; ‡c24 cm.
336 . ‡atext ‡2rdacontent
337 . ‡aunmediated ‡2rdamedia
338 . ‡avolume ‡2rdacarrier
4900 . ‡aThey survived
5211 . ‡aAges 8-12.
5212 . ‡aGrades 4 to 6.
520 . ‡a"Through vivid storytelling, this book tells the story of the Apollo 13 mission and includes survival tips and information about pop culture surrounding the event."-- ‡cProvided by publisher.
504 . ‡aIncludes bibliographical references and index.
5050 . ‡aThe mission plan -- Houston, we've had a problem! -- Avoiding disaster -- A successful failure -- Surviving deadly situations.
61020. ‡aApollo 13 (Spacecraft) ‡vJuvenile literature.
61020. ‡aProject Apollo (U.S.) ‡vJuvenile literature.
61027. ‡aApollo 13 (Spacecraft) ‡2fast ‡0(LARL_NWRL_CONSORTIUM)8322
61027. ‡aProject Apollo (U.S.) ‡2fast ‡0(LARL_NWRL_CONSORTIUM)7274
61024. ‡aApollo 13 (Spacecraft) ‡vJuvenile literature.
61024. ‡aProject Apollo (U.S.) ‡vJuvenile literature.
650 0. ‡aSpace vehicle accidents ‡zUnited States ‡vJuvenile literature.
650 0. ‡aSpace flight to the moon ‡vJuvenile literature. ‡0(LARL_NWRL_CONSORTIUM)167513
650 0. ‡aSurvival ‡vJuvenile literature.
650 7. ‡aSpace flight to the moon. ‡2fast ‡0(LARL_NWRL_CONSORTIUM)31618
650 7. ‡aSpace vehicle accidents. ‡2fast ‡0(LARL_NWRL_CONSORTIUM)14173
650 7. ‡aSurvival. ‡2fast ‡0(LARL_NWRL_CONSORTIUM)176193
651 7. ‡aUnited States. ‡2fast ‡0(LARL_NWRL_CONSORTIUM)178480
650 1. ‡aSurvival ‡vJuvenile literature.
650 4. ‡aSpace flight to the moon ‡vJuvenile literature. ‡0(LARL_NWRL_CONSORTIUM)167513
650 4. ‡aSpace vehicle accidents ‡zUnited States ‡vJuvenile literature.
655 7. ‡aJuvenile works. ‡2fast
77608. ‡iOnline version: ‡aTunby, Benjamin, author. ‡tSurviving a space disaster ‡dMinneapolis : Lerner Publications, [2018] ‡z9781541525597 ‡w(DLC) 2018012791
901 . ‡a317859 ‡b ‡c317859 ‡tbiblio

Additional Resources